| 000 | 00635nam a22001697a 4500 | ||
|---|---|---|---|
| 999 |
_c14804 _d14804 |
||
| 008 | 200107b ||||| |||| 00| 0 eng d | ||
| 082 |
_22019 _aUT 1367 _bT12 |
||
| 100 |
_aGicel M. Tañeca _940998 |
||
| 245 |
_aRisky financial behavior of UM Digos College employee: _cGicel M. Tañeza, Gina Fe J. Pacatan & Jenita V. Garcia |
||
| 260 |
_aDigos City: _bUMDC _cNovember 2019 |
||
| 300 |
_a64 pages; _c30 cm. |
||
| 650 |
_aBusiness Administration _vFinancial Management _xUndergraduate thesis: _940999 |
||
| 700 |
_aTañeza, Gicel M. _941000 |
||
| 700 |
_aPacatan, Gina Fe M. _941001 |
||
| 700 |
_aGarcia, Jenita V. _941002 |
||
| 942 |
_2ddc _cUT |
||